000 00300nam a2200097Ia 4500
008 241105s9999 xx 000 0 und d
041 _aeng
100 _aGhorpade J.
_9182050
245 _aLandscape Development Proposal For A Special Township : At Lohegaon Pune
260 _bM Arch Landscape, Pune
_c2009
999 _c360312
_d360312